Districts of Vietnam with a Map - Statistics

General Stats
  • This quiz has been taken 497 times
  • The average score is 130 of 711
Answers on the Map
Answers color-coded by a green-red scale on the quiz's map according to % correct below.
 
Answer Stats
Province Type District % Correct
An Giang District An Phu
72%
Ho Chi Minh Borough Quan 1
59%
Ho Chi Minh Borough Quan 2
58%
Ho Chi Minh Borough Quan 3
58%
Ho Chi Minh Borough Quan 4
58%
Ho Chi Minh Borough Quan 5
57%
Ho Chi Minh Borough Quan 6
57%
Ho Chi Minh Borough Quan 7
57%
Ho Chi Minh Borough Quan 8
57%
Ho Chi Minh Borough Quan 9
57%
Nghe An City Vinh
57%
Ho Chi Minh Borough Quan 10
56%
Ho Chi Minh Borough Quan 11
56%
Ho Chi Minh Borough Quan 12
56%
Thua Thien Hue City Hue
50%
Kien Giang District Phu Quoc
48%
Ba Ria-Vung Tau City Vung Tau
48%
Ho Chi Minh Borough Thu Duc
47%
Lam Dong City Da Lat
46%
Ba Ria-Vung Tau City Ba Ria
45%
Dien Bien District Dien Bien
45%
Quang Ninh City Ha Long
45%
Ho Chi Minh District Cu Chi
43%
Khanh Hoa City Nha Trang
43%
Binh Dinh District An Lao
42%
Hai Phong District An Lao
42%
Ho Chi Minh Borough Binh Tan
42%
Vinh Long District Binh Tan
42%
Ho Chi Minh District Can Gio
42%
Ha Noi Borough Bac Tu Liem
41%
Ca Mau City Ca Mau
41%
Ho Chi Minh District Hoc Mon
41%
Gia Lai City Pleiku
41%
Ho Chi Minh Borough Tan Binh
41%
Kien Giang District An Bien
40%
Ha Noi Borough Ba Dinh
40%
Ho Chi Minh District Binh Chanh
40%
Ha Noi Borough Cau Giay
40%
Ho Chi Minh Borough Go Vap
40%
Ha Noi Borough Hai Ba Trung
40%
Bac Lieu City Hoa Binh
40%
Hoa Binh District Hoa Binh
40%
Ha Noi Borough Hoan Kiem
40%
Ha Noi Borough Nam Tu Liem
40%
Long An City Thanh Hoa
40%
Thanh Hoa District Thanh Hoa
40%
Kien Giang City Ha Tien
39%
Quang Nam City Hoi An
39%
Ho Chi Minh District Nha Be
39%
Binh Duong City Thu Dau Mot
39%
Ho Chi Minh Borough Binh Thanh
38%
Nam Dinh City Nam Định
38%
Kien Giang City Rach Gia
38%
Dong Nai District Tan Phu
38%
Ho Chi Minh Borough Tan Phu
38%
Lam Dong City Bao Loc
37%
Ha Noi District Ba Vi
37%
Dak Lak City Buon Ma Thuot
37%
Cao Bang City Cao Bang
37%
Quang Ninh City Mong Cai
37%
Tien Giang City My Tho
37%
Ninh Binh City Ninh Bình
37%
Ba Ria-Vung Tau Town Phu My
37%
Ha Noi Borough Tay Ho
37%
Tay Ninh City Tay Ninh
37%
Bac Giang City Bac Giang
36%
Ben Tre City Ben Tre
36%
Dien Bien City Dien Bien Phu
36%
Ha Noi Borough Dong Da
36%
Ha Noi Borough Long Bien
36%
Thai Nguyen City Thai Nguyen
36%
Ha Noi Borough Hoang Mai
35%
Nghe An Town Hoang Mai
35%
An Giang City Long Xuyen
35%
Binh Thuan City Phan Thiet
35%
Bac Ninh City Bac Ninh
34%
An Giang District Chau Thanh
34%
Ben Tre District Chau Thanh
34%
Dong Thap District Chau Thanh
34%
Hau Giang District Chau Thanh
34%
Kien Giang District Chau Thanh
34%
Long An District Chau Thanh
34%
Soc Trang District Chau Thanh
34%
Tay Ninh District Chau Thanh
34%
Tien Giang District Chau Thanh
34%
Tra Vinh District Chau Thanh
34%
Quang Tri City Dong Ha
34%
Ha Giang City Ha Giang
34%
Ha Tinh City Ha Tinh
34%
Kon Tum City Kon Tum
34%
Lai Chau City Lai Chau
34%
Lang Son City Lang Son
34%
Binh Dinh City Quy Nhon
34%
Bac Lieu City Bac Lieu
33%
Dong Nai City Bien Hoa
33%
Khanh Hoa City Cam Ranh
33%
An Giang City Chau Doc
33%
Ha Noi District Dong Anh
33%
Quang Binh City Dong Hoi
33%
Ha Noi Borough Ha Dong
33%
Lao Cai City Lao Cai
33%
Binh Dinh District Phu My
33%
Ho Chi Minh Borough Phu Nhuan
33%
Phu Tho Town Phu Tho
33%
Ha Noi District Soc Son
33%
Son La City Son La
33%
Ha Noi Town Son Tay
33%
Quang Ngai District Son Tay
33%
Quang Nam City Tam Ky
33%
Long An City Tan An
33%
Tra Vinh City Tra Vinh
33%
Vinh Long City Vinh Long
33%
Binh Duong Town Di An
32%
Dak Nong Town Gia Nghia
32%
Soc Trang City Soc Trang
32%
Ha Noi Borough Thanh Xuan
32%
Tuyen Quang City Tuyen Quang
32%
Yen Bai City Yen Bai
32%
Dong Thap District Cao Lanh
31%
Dong Thap City Cao Lanh
31%
Hai Duong City Hai Duong
31%
Quang Ngai City Quang Ngai
31%
Quang Tri Town Quang Tri
31%
Dong Thap City Sa Dec
31%
Thanh Hoa City Sam Son
31%
Binh Duong Town Tan Uyen
31%
Lai Chau District Tan Uyen
31%
Hai Phong District An Duong
30%
Bac Kan City Bac Kan
30%
Can Tho Borough Cai Rang
30%
Can Tho Borough Ninh Kieu
30%
Da Nang Borough Son Tra
30%
Thai Binh City Thai Binh
30%
Binh Duong Town Thuan An
30%
Quang Ninh City Cam Pha
29%
Ninh Thuan City Phan Rang-Thap Cham
29%
Lao Cai District Sa Pa
29%
Phu Yen City Tuy Hoa
29%
Quang Ninh City Uong Bi
29%
Ba Ria-Vung Tau District Con Dao
28%
Ha Noi District Gia Lam
28%
Tien Giang Town Go Cong
28%
Ha Noi District Thanh Tri
28%
Soc Trang District Thanh Tri
28%
Phu Tho City Viet Tri
28%
Binh Dinh Town An Nhon
27%
Binh Duong Town Ben Cat
27%
Da Nang Borough Hai Chau
27%
Hung Yen City Hung Yen
27%
Binh Thuan Town La Gi
27%
Ca Mau District Nam Can
27%
Hau Giang Town Nga Bay
27%
Da Nang Borough Ngu Hanh Son
27%
Can Tho Borough O Mon
27%
Ha Nam City Phu Ly
27%
Ca Mau District U Minh
27%
Hau Giang City Vi Thanh
27%
Binh Phuoc Town Dong Xoai
26%
Son La District Muong La
26%
Bac Lieu District Phuoc Long
26%
Binh Phuoc Town Phuoc Long
26%
Tien Giang District Cai Lay
25%
Tien Giang Town Cai Lay
25%
Ha Noi District Chuong My
25%
Da Nang District Hoa Vang
25%
Dong Nai District Long Thanh
25%
Ha Noi District Me Linh
25%
Dong Nai District Trang Bom
25%
Quang Ninh District Van Don
25%
Vinh Phuc City Vinh Yen
25%
Da Nang Borough Lien Chieu
24%
Dong Nai Town Long Khanh
24%
Tien Giang District Cai Be
23%
Can Tho District Co Do
23%
Ba Ria-Vung Tau District Dat Do
23%
Quang Ninh Town Dong Trieu
23%
Ha Noi District Hoai Duc
23%
Ca Mau District Ngoc Hien
23%
Can Tho District Phong Dien
23%
Thua Thien Hue District Phong Dien
23%
Ha Giang District Quang Binh
23%
Quang Binh District Quang Ninh
23%
Ha Noi District Quoc Oai
23%
Ha Noi District Thuong Tin
23%
Hau Giang District Chau Thanh A
22%
An Giang District Cho Moi
22%
Bac Kan District Cho Moi
22%
Tien Giang District Go Cong Dong
22%
Dong Thap District Hong Ngu
22%
Dong Thap Town Hong Ngu
22%
Dak Lak District Lak
22%
Nghe An District Nam Dan
22%
Quang Ninh Town Quang Yen
22%
Ha Noi District Thach That
22%
Ha Noi District Thanh Oai
22%
Ca Mau District Tran Van Thoi
22%
Hung Yen District An Thi
21%
Binh Duong District Bac Tan Uyen
21%
Cao Bang District Bao Lam
21%
Lam Dong District Bao Lam
21%
Binh Phuoc District Bu Gia Map
21%
Hai Phong District Cat Hai
21%
Ha Noi District Dan Phuong
21%
Binh Duong District Dau Tieng
21%
Lam Dong District Di Linh
21%
Hai Phong Borough Do Son
21%
Tra Vinh District Duyen Hai
21%
Tra Vinh Town Duyen Hai
21%
Tien Giang District Go Cong Tay
21%
Hai Phong Borough Le Chan
21%
Son La District Moc Chau
21%
Hai Phong Borough Ngo Quyen
21%
Dong Nai District Nhon Trach
21%
Son La District Phu Yen
21%
Thai Nguyen City Song Cong
21%
Can Tho Borough Thot Not
21%
Kien Giang District U Minh Thuong
21%
Da Nang Borough Cam Le
20%
Long An District Can Giuoc
20%
Nghe An Town Cua Lo
20%
Ca Mau District Dam Doi
20%
Lam Dong District Lac Duong
20%
Ha Noi District My Duc
20%
Tay Ninh District Trang Bang
20%
Bac Ninh Town Tu Son
20%
Kien Giang District An Minh
19%
Gia Lai Town Ayun Pa
19%
Binh Duong District Bau Bang
19%
Binh Phuoc Town Binh Long
19%
Can Tho Borough Binh Thuy
19%
Quang Nam Town Dien Ban
19%
Long An District Duc Hoa
19%
Lam Dong District Duc Trong
19%
Binh Thuan District Ham Thuan Bac
19%
Binh Thuan District Ham Thuan Nam
19%
Ninh Binh District Hoa Lu
19%
Thua Thien Hue Town Huong Thuy
19%
Thua Thien Hue Town Huong Tra
19%
Hai Phong Borough Kien An
19%
Ben Tre District Mo Cay Bac
19%
Ben Tre District Mo Cay Nam
19%
Soc Trang Town Nga Nam
19%
Yen Bai Town Nghia Lo
19%
Khanh Hoa Town Ninh Hoa
19%
Vinh Phuc District Tam Dao
19%
An Giang Town Tan Chau
19%
Tay Ninh District Tan Chau
19%
Dong Thap District Thap Muoi
19%
Hai Phong District Thuy Nguyen
19%
Nghe An District Tuong Duong
19%
Ha Noi District Ung Hoa
19%
Thua Thien Hue District A Luoi
18%
Gia Lai Town An Khe
18%
Bac Kan District Ba Be
18%
Hai Phong District Bach Long Vi
18%
Long An District Ben Luc
18%
Thanh Hoa Town Bim Son
18%
Long An District Can Duoc
18%
Lam Dong District Cat Tien
18%
Tien Giang District Cho Gao
18%
Tay Ninh District Duong Minh Chau
18%
Bac Lieu Town Gia Rai
18%
Hai Phong Borough Hong Bang
18%
Ha Noi District Phuc Tho
18%
Vinh Phuc City Phuc Yen
18%
Binh Duong District Phu Giao
18%
An Giang District Phu Tan
18%
Ca Mau District Phu Tan
18%
Ha Noi District Phu Xuyen
18%
Dong Nai District Xuan Loc
18%
Vinh Long Town Binh Minh
17%
Binh Phuoc District Bu Dop
17%
Dak Lak District Buon Don
17%
Dak Lak Town Buon Ho
17%
Ca Mau District Cai Nuoc
17%
An Giang District Chau Phu
17%
Hai Duong Town Chi Linh
17%
Soc Trang District Cu Lao Dung
17%
Lam Dong District Da Huoai
17%
Dien Bien District Dien Bien Dong
17%
Ha Giang District Dong Van
17%
Hai Phong Borough Hai An
17%
Quang Ninh District Hai Ha
17%
Long An Town Kien Tuong
17%
Ha Tinh District Ky Anh
17%
Ha Tinh Town Ky Anh
17%
Dien Bien District Muong Nhe
17%
Quang Nam District Nam Tra My
17%
Phu Yen Town Song Cau
17%
Ninh Binh City Tam Diep
17%
Dong Nai District Thong Nhat
17%
An Giang District Tinh Bien
17%
Dong Nai District Vinh Cuu
17%
Quang Nam District Bac Tra My
16%
Khanh Hoa District Cam Lam
16%
Nghe An District Dien Chau
16%
Khanh Hoa District Dien Khanh
16%
Lam Dong District Don Duong
16%
Soc Trang District Ke Sach
16%
Kien Giang District Kien Luong
16%
Hai Phong District Kien Thuy
16%
Bac Giang District Luc Ngan
16%
Quang Ngai District Ly Son
16%
Long An District Moc Hoa
16%
Lai Chau District Muong Te
16%
Quang Nam District Nui Thanh
16%
Long An District Tan Thanh
16%
Da Nang Borough Thanh Khe
16%
Ben Tre District Ba Tri
15%
Quang Ninh District Co To
15%
Lam Dong District Da Teh
15%
Phu Yen District Dong Hoa
15%
Long An District Duc Hue
15%
Hai Phong Borough Duong Kinh
15%
Kien Giang District Hon Dat
15%
Kien Giang District Kien Hai
15%
Gia Lai District Krong Pa
15%
Ba Ria-Vung Tau District Long Dien
15%
Dien Bien Town Muong Lay
15%
Ninh Thuan District Ninh Hai
15%
Thai Nguyen Town Pho Yen
15%
Thua Thien Hue District Phu Loc
15%
Binh Thuan District Phu Quy
15%
Thua Thien Hue District Quang Dien
15%
Bac Ninh District Que Vo
15%
Dong Thap District Tam Nong
15%
Phu Tho District Tam Nong
15%
Ca Mau District Thoi Binh
15%
Bac Ninh District Thuan Thanh
15%
Ha Giang District Vi Xuyen
15%
Bac Giang District Yen The
15%
Quang Binh District Bo Trach
14%
Binh Phuoc District Bu Dang
14%
Dong Nai District Cam My
14%
Nghe An District Con Cuong
14%
Dak Lak District Cu Mgar
14%
Kien Giang District Go Quao
14%
Tay Ninh District Hoa Thanh
14%
Ha Tinh Town Hong Linh
14%
Dak Lak District Krong A Na
14%
Hoa Binh District Ky Son
14%
Nghe An District Ky Son
14%
Lam Dong District Lam Ha
14%
Tien Giang District Tan Phu Dong
14%
Binh Dinh District Tay Son
14%
Long An District Thu Thua
14%
Hai Phong District Tien Lang
14%
An Giang District Tri Ton
14%
Dien Bien District Tuan Giao
14%
Khanh Hoa District Van Ninh
14%
Soc Trang Town Vinh Chau
14%
Ba Ria-Vung Tau District Xuyen Moc
14%
Quang Ninh District Binh Lieu
13%
Binh Phuoc District Chon Thanh
13%
Dak Nong District Dak Mil
13%
Dong Nai District Dinh Quan
13%
Nghe An District Do Luong
13%
Quang Ngai District Duc Pho
13%
Quang Nam District Duy Xuyen
13%
Dak Lak District Ea Kar
13%
Kien Giang District Giang Thanh
13%
Kien Giang District Giong Rieng
13%
Tay Ninh District Go Dau
13%
Nam Dinh District Hai Hau
13%
Binh Thuan District Ham Tan
13%
Hung Yen District Khoai Chau
13%
Hai Duong District Kinh Mon
13%
Dong Thap District Lap Vo
13%
Binh Phuoc District Loc Ninh
13%
Hau Giang District Long My
13%
Hau Giang Town Long My
13%
Yen Bai District Mu Cang Chai
13%
Thanh Hoa District Muong Lat
13%
Thanh Hoa District Nong Cong
13%
Thanh Hoa District Quang Xuong
13%
Nghe An District Quynh Luu
13%
Tien Giang District Tan Phuoc
13%
Long An District Tan Tru
13%
Nghe An Town Thai Hoa
13%
An Giang District Thoai Son
13%
Can Tho District Thoi Lai
13%
Thanh Hoa District Tho Xuan
13%
Thai Binh District Tien Hai
13%
Hung Yen District Van Giang
13%
Hai Phong District Vinh Bao
13%
Quang Tri District Vinh Linh
13%
Ninh Thuan District Bac Ai
12%
Binh Thuan District Bac Binh
12%
Quang Ninh District Ba Che
12%
Quang Binh Town Ba Don
12%
Lang Son District Chi Lang
12%
Dak Lak District Cu Kuin
12%
Quang Nam District Dai Loc
12%
Quang Ninh District Dam Ha
12%
Lam Dong District Dam Rong
12%
Bac Lieu District Dong Hai
12%
Dak Lak District EA Hleo
12%
Dak Lak District Ea Sup
12%
Nam Dinh District Giao Thuy
12%
Ben Tre District Giong Trom
12%
Thanh Hoa District Hoang Hoa
12%
Bac Lieu District Hong Dan
12%
Ha Tinh District Huong Khe
12%
Ha Tinh District Huong Son
12%
Khanh Hoa District Khanh Vinh
12%
Ha Nam District Kim Bang
12%
Dong Thap District Lai Vung
12%
Quang Binh District Le Thuy
12%
Vinh Long District Long Ho
12%
Ha Giang District Meo Vac
12%
Lao Cai District Muong Khuong
12%
Hung Yen District My Hao
12%
Nghe An District Nghi Loc
12%
Ha Tinh District Nghi Xuan
12%
Kon Tum District Ngoc Hoi
12%
Ninh Thuan District Ninh Son
12%
Thua Thien Hue District Phu Vang
12%
Bac Giang District Son Dong
12%
Son La District Song Ma
12%
Binh Thuan District Tanh Linh
12%
Quang Nam District Tay Giang
12%
Quang Nam District Thang Binh
12%
Dong Thap District Thanh Binh
12%
Ninh Thuan District Thuan Bac
12%
Quang Ninh District Tien Yen
12%
Soc Trang District Tran De
12%
Cao Bang District Trung Khanh
12%
Binh Dinh District Tuy Phuoc
12%
Bac Giang District Viet Yen
12%
Long An District Vinh Hung
12%
Binh Dinh District Vinh Thanh
12%
Can Tho District Vinh Thanh
12%
Kien Giang District Vinh Thuan
12%
Nam Dinh District Y Yen
12%
Nghe An District Anh Son
11%
Lao Cai District Bac Ha
11%
Lang Son District Bac Son
11%
Lao Cai District Bao Thang
11%
Quang Ngai District Ba To
11%
Tra Vinh District Cau Ngang
11%
Ba Ria-Vung Tau District Chau Duc
11%
Bac Kan District Cho Don
11%
Dak Nong District Cu Jut
11%
Dak Nong District Dak Rlap
11%
Kon Tum District Dak To
11%
Thai Nguyen District Dinh Hoa
11%
Quang Nam District Dong Giang
11%
Binh Thuan District Duc Linh
11%
Cao Bang District Hoa An
11%
Ha Giang District Hoang Su Phi
11%
Quang Ninh District Hoanh Bo
11%
Binh Phuoc District Hon Quan
11%
Nghe An District Hung Nguyen
11%
Quang Tri District Huong Hoa
11%
Khanh Hoa District Khanh Son
11%
Bac Giang District Luc Nam
11%
Hoa Binh District Luong Son
11%
Vinh Long District Mang Thit
11%
Nam Dinh District My Loc
11%
Soc Trang District My Xuyen
11%
Quang Nam District Nam Giang
11%
Thanh Hoa District Nga Son
11%
Ninh Thuan District Ninh Phuoc
11%
Hau Giang District Phung Hiep
11%
Phu Tho District Phu Ninh
11%
Quang Nam District Phu Ninh
11%
Binh Thuan District Phu Rieng
11%
Quang Nam District Que Son
11%
Lao Cai District Si Ma Cai
11%
Phu Yen District Song Hinh
11%
Tay Ninh District Tan Bien
11%
Kien Giang District Tan Hiep
11%
Long An District Tan Hung
11%
Nghe An District Thanh Chuong
11%
Hai Duong District Thanh Ha
11%
Ninh Thuan District Thuan Nam
11%
Tra Vinh District Tra Cu
11%
Vinh Long District Tra On
11%
Son La District Van Ho
11%
Thanh Hoa District Vinh Loc
11%
Hau Giang District Vi Thuy
11%
Ha Giang District Bac Me
10%
Ha Giang District Bac Quang
10%
Lao Cai District Bao Yen
10%
Lao Cai District Bat Xat
10%
Tay Ninh District Ben Cau
10%
Ben Tre District Binh Dai
10%
Ha Nam District Binh Luc
10%
Quang Ngai District Binh Son
10%
Hai Duong District Cam Giang
10%
Quang Tri District Cam Lo
10%
Thanh Hoa District Cam Thuy
10%
Tra Vinh District Cau Ke
10%
Ben Tre District Cho Lach
10%
Quang Tri District Con Co
10%
Thai Nguyen District Dai Tu
10%
Kon Tum District Dak Ha
10%
Quang Tri District Da Krong
10%
Phu Tho District Doan Hung
10%
Thai Binh District Dong Hung
10%
Ha Nam District Duy Tien
10%
Bac Ninh District Gia Binh
10%
Quang Tri District Gio Linh
10%
Bac Giang District Hiep Hoa
10%
Ninh Binh District Kim Son
10%
Dak Lak District Krong Pac
10%
Phu Tho District Lam Thao
10%
Bac Giang District Lang Giang
10%
Soc Trang District Long Phu
10%
Bac Ninh District Luong Tai
10%
Ha Nam District Ly Nhan
10%
Hoa Binh District Mai Chau
10%
Dak Lak District Mdrak
10%
Bac Kan District Na Ri
10%
Ninh Binh District Nho Quan
10%
Ha Giang District Quan Ba
10%
Nghe An District Que Phong
10%
Son La District Quynh Nhai
10%
Thai Binh District Quynh Phu
10%
Kon Tum District Sa Thay
10%
Tuyen Quang District Son Duong
10%
Nghe An District Tan Ky
10%
Bac Giang District Tan Yen
10%
Ben Tre District Thanh Phu
10%
Bac Ninh District Tien Du
10%
Tra Vinh District Tieu Can
10%
Thanh Hoa District Tinh Gia
10%
Thanh Hoa District Trieu Son
10%
Dak Nong District Tuy Duc
10%
Quang Binh District Tuyen Hoa
10%
Binh Thuan District Tuy Phong
10%
Bac Lieu District Vinh Loi
10%
Vinh Long District Vung Liem
10%
Ha Tinh District Vu Quang
10%
Ha Giang District Yen Minh
10%
Tuyen Quang District Yen Son
10%
Bac Kan District Bach Thong
9%
Son La District Bac Yen
9%
Cao Bang District Bao Lac
9%
Thanh Hoa District Ba Thuoc
9%
Lang Son District Binh Gia
9%
Tra Vinh District Cang Long
9%
Ha Tinh District Can Loc
9%
Hoa Binh District Cao Phong
9%
Tuyen Quang District Chiem Hoa
9%
Gia Lai District Chu Pah
9%
Gia Lai District Chu Se
9%
Hoa Binh District Da Bac
9%
Dak Nong District Dak Glong
9%
Dak Nong District Dak Song
9%
Lang Son District Dinh Lap
9%
Binh Phuoc District Dong Phu
9%
Thanh Hoa District Dong Son
9%
Phu Yen District Dong Xuan
9%
Ha Tinh District Duc Tho
9%
Ninh Binh District Gia Vien
9%
Quang Tri District Hai Lang
9%
Tuyen Quang District Ham Yen
9%
Cao Bang District Ha Quang
9%
Thanh Hoa District Hau Loc
9%
Quang Nam District Hiep Duc
9%
Binh Dinh District Hoai Nhon
9%
Thai Binh District Hung Ha
9%
Lang Son District Huu Lung
9%
Gia Lai District Ia HDrai
9%
Hung Yen District Kim Dong
9%
Kon Tum District Kon Ray
9%
Dak Lak District Krong Bong
9%
Dak Lak District Krong Buk
9%
Vinh Phuc District Lap Thach
9%
Gia Lai District Mang Yang
9%
Quang Ngai District Mo Duc
9%
Dien Bien District Muong Ang
9%
Dien Bien District Muong Cha
9%
Soc Trang District My Tu
9%
Tuyen Quang District Na Hang
9%
Dien Bien District Nam Po
9%
Hai Duong District Nam Sach
9%
Nam Dinh District Nam Truc
9%
Bac Kan District Ngan Son
9%
Nam Dinh District Nghia Hung
9%
Thanh Hoa District Ngoc Lac
9%
Quang Nam District Nong Son
9%
Bac Kan District Pac Nam
9%
Binh Dinh District Phu Cat
9%
Hung Yen District Phu Cu
9%
Phu Yen District Phu Hoa
9%
Quang Binh District Quang Trach
9%
Thanh Hoa District Quan Hoa
9%
Nghe An District Quy Hop
9%
Vinh Phuc District Song Lo
9%
Quang Ngai District Son Ha
9%
Quang Ngai District Son Tinh
9%
Son La District Sop Cop
9%
Vinh Long District Tam Binh
9%
Lai Chau District Tam Duong
9%
Vinh Phuc District Tam Duong
9%
Dong Thap District Tan Hong
9%
Phu Yen District Tay Hoa
9%
Ha Tinh District Thach Ha
9%
Thai Binh District Thai Thuy
9%
Ha Nam District Thanh Liem
9%
Hai Duong District Thanh Mien
9%
Phu Tho District Thanh Son
9%
Lai Chau District Than Uyen
9%
Hung Yen District Tien Lu
9%
Quang Nam District Tien Phuoc
9%
Quang Ngai District Tra Bong
9%
Dien Bien District Tua Chua
9%
Hai Duong District Tu Ky
9%
Kon Tum District Tu Mo Rong
9%
Quang Ngai District Tu Nghia
9%
Phu Yen District Tuy An
9%
Yen Bai District Van Chan
9%
Hung Yen District Van Lam
9%
Nam Dinh District Vu Ban
9%
Thai Binh District Vu Thu
9%
Ha Giang District Xin Man
9%
Nam Dinh District Xuan Truong
9%
Bac Ninh District Yen Phong
9%
Nghe An District Yen Thanh
9%
Vinh Phuc District Binh Xuyen
8%
Phu Tho District Cam Khe
8%
Ha Tinh District Cam Xuyen
8%
Lang Son District Cao Loc
8%
Gia Lai District Chu Prong
8%
Gia Lai District Dak Doa
8%
Kon Tum District Dak Glei
8%
Gia Lai District Dak Po
8%
Thai Nguyen District Dong Hy
8%
Gia Lai District Duc Co
8%
Hai Duong District Gia Loc
8%
Phu Tho District Ha Hoa
8%
Cao Bang District Ha Lang
8%
Thanh Hoa District Ha Trung
8%
Gia Lai District Ia Grai
8%
Gia Lai District KBang
8%
Thai Binh District Kien Xuong
8%
Hoa Binh District Kim Boi
8%
Kon Tum District Kon Plong
8%
Dak Lak District Krong Nang
8%
Dak Nong District Krong No
8%
Hoa Binh District Lac Thuy
8%
Ha Tinh District Loc Ha
8%
Son La District Mai Son
8%
Quang Binh District Minh Hoa
8%
Quang Ngai District Minh Long
8%
Thua Thien Hue District Nam Dong
8%
Nghe An District Nghia Dan
8%
Quang Ngai District Nghia Hanh
8%
Cao Bang District Nguyen Binh
8%
Thanh Hoa District Nhu Thanh
8%
Thanh Hoa District Nhu Xuan
8%
Hai Duong District Ninh Giang
8%
Lai Chau District Phong Tho
8%
Thai Nguyen District Phu Binh
8%
Quang Nam District Phuoc Son
8%
Gia Lai District Phu Thien
8%
Thanh Hoa District Quan Son
8%
Nghe An District Quy Chau
8%
Lai Chau District Sin Ho
8%
Phu Yen District Son Hoa
8%
Phu Tho District Tan Son
8%
Thanh Hoa District Thach Thanh
8%
Phu Tho District Thanh Ba
8%
Phu Tho District Thanh Thuy
8%
Son La District Thuan Chau
8%
Thanh Hoa District Thuong Xuan
8%
Yen Bai District Tran Yen
8%
Quang Tri District Trieu Phong
8%
Nam Dinh District Truc Ninh
8%
Lao Cai District Van Ban
8%
Binh Dinh District Van Canh
8%
Lang Son District Van Lang
8%
Vinh Phuc District Vinh Tuong
8%
Thai Nguyen District Vo Nhai
8%
Yen Bai District Yen Binh
8%
Hung Yen District Yen My
8%
Hai Duong District Binh Giang
7%
Gia Lai District Chu Puh
7%
Binh Dinh District Hoai An
7%
Gia Lai District Ia Pa
7%
Hai Duong District Kim Thanh
7%
Thanh Hoa District Lang Chanh
7%
Yen Bai District Luc Yen
7%
Thai Nguyen District Phu Luong
7%
Hoa Binh District Tan Lac
7%
Cao Bang District Thach An
7%
Cao Bang District Thong Nong
7%
Cao Bang District Tra Linh
7%
Yen Bai District Tram Tau
7%
Lang Son District Trang Dinh
7%
Yen Bai District Van Yen
7%
Bac Giang District Yen Dung
7%
Ninh Binh District Yen Khanh
7%
Ninh Binh District Yen Mo
7%
Gia Lai District Kong Chro
6%
Hoa Binh District Lac Son
6%
Tuyen Quang District Lam Binh
6%
Lai Chau District Nam Nhun
6%
Cao Bang District Phuc Hoa
6%
Cao Bang District Quang Uyen
6%
Quang Ngai District Tay Tra
6%
Thanh Hoa District Thieu Hoa
6%
Lang Son District Van Quan
6%
Son La District Yen Chau
6%
Thanh Hoa District Yen Dinh
6%
Phu Tho District Yen Lap
6%
Lang Son District Loc Binh
5%
Vinh Phuc District Yen Lac
5%
Hoa Binh District Yen Thuy
5%
No matching quizzes found
Score Distribution
Percent of People with Each Score
Percentile by Number Answered
Your Score History
You have not taken this quiz